000 00592cam a2200241 4500
001 J977
008 090401t1992 xxu||||| |||| 00| 0 eng d
035 _a(Sirsi) u54887
041 _aeng
050 _a306.1309421
110 _aLondon Research Centre
_93277
245 _aPrivate sector rents bulletin 3
260 _aLondon
_bLondon Research Centre
_c1992
300 _a(8)p. ; 30cm.
350 _a0
650 _aLONDON
650 _aPRIVATE RENTED SECTOR
650 _aRENT
650 _aRESIDENTIAL PROPERTY
_96266
690 _aHOUSING
942 _n0
948 _c04/03/1997
999 _c93513
_d93513